000 00801nam a2200265Ia 4500
003 OSt
005 20221005094925.0
006 a|||||r|||| 00| 0
007 ta
008 221004b |||||||| |||| 00| 0 eng d
020 _a0198089392 (pbk)
_c345
024 _a4975
037 _b046, 28/06/2013, University Book House
_cTextual
040 _aCRL
_cCRL
_beng
041 _2eng
_aeng
082 _aY:6.21'C, Q2
100 _aGurukkal Rajan
_9619648
245 0 _aSocial formations of early South India
260 _aOxford
_bOxford University Press UK
_c2010
300 _axuv,354p.
_ccm.
490 _aFYUP DC-1 HISTORY
650 _aSOCIOLOGY
942 _hY:6.21'C, Q2
_cTEXL
_2cc
999 _c1002752
_d1002752